Možnosti vytvárania a využitia automatizovaného systému projektovania v projektovej organizácii autoreferát dizertácie na získanie vedeckej hodnosti kandidáta ekonomických vied

Guardado en:
Detalles Bibliográficos
Autor principal: Závodný, Peter
Autor Corporativo: Vysoká škola ekonomická v Bratislave
Formato: Libro
Lenguaje:eslovaco
Publicado: Bratislava 1984
Etiquetas: Agregar Etiqueta
Sin Etiquetas, Sea el primero en etiquetar este registro!

MARC

LEADER 00000nam a2200000 4500
001 c114710
005 20230116094711.8
041 0 |a slo 
044 |a SK 
245 1 0 |a Možnosti vytvárania a využitia automatizovaného systému projektovania v projektovej organizácii  |b autoreferát dizertácie na získanie vedeckej hodnosti kandidáta ekonomických vied  |c Peter Závodný 
264 1 |a Bratislava  |c 1984 
300 |a 19 s. 
100 1 |a Závodný, Peter 
710 2 |a Vysoká škola ekonomická v Bratislave